Score 0/20 Timer 04:00
0 Plays Today
Hint Word % Correct
Mr. Potato ____ in Toy StoryHEAD
97.8%
Bo ____ in Toy StoryPEEP
92.9%
Astronaut action figure in Toy StoryBUZZ
92.3%
Yellowstone or YosemitePARK
92.2%
Sound of a houndBARK
92.2%
May be Walking or LivingDEAD
91.8%
Stampeding groupHERD
91.2%
Proof of ownershipDEED
91%
Bus or taxi paymentFARE
90.5%
Like a rock or testHARD
89.5%
Hint Word % Correct
In one's birthday suitBARE
89.5%
Employee's benefitPERK
88.7%
Thought-provokingDEEP
87%
Slang for a criminalPERP
86.8%
'60s slang for policeFUZZ
84.9%
Affect adverselyHARM
77.6%
Piggy bank in Toy StoryHAMM
76.4%
Iced tea brand or detonatorFUZE
72.3%
1975 David Bowie songFAME
70.7%
Dangerous gas or smokeFUME
67.8%

Today's Daily Dose

Missing Word
'M' Pairs

Quick Pick
'F' Video Games

Get the Picture
MCU Captains

You're not logged in!

Compare scores with friends on all Sporcle quizzes.
OR
Log In

Sporcle TV

Today on Sporcle TV


Watch our educational content, quiz creation guides, and fun videos on Sporcle TV.

Show Comments

Extras

Top Quizzes Today


Score Distribution

Paid Content

Your Account Isn't Verified!

In order to create a playlist on Sporcle, you need to verify the email address you used during registration. Go to your Sporcle Settings to finish the process.

Report this User

Report this user for behavior that violates our Community Guidelines.

Details: